[Event "XLII C.to Italiano femminile"]
[Site "Giovinazzo ITA"]
[Date "2015.07.24"]
[Round "7"]
[White "Movileanu, Daniela"]
[Black "Gueci, Laura"]
[WhiteElo "2180"]
[BlackElo "1990"]
[Result "1-0"]
[PlyCount "137"]
[EventDate "2015.07.19"]

1. e4 c5 2. Nf3 g6 3. d4 cxd4 4. Nxd4 Nc6 5. Nc3 Bg7 6. Be3 Nf6 7. Bc4 O-O 8.
Bb3 d6 9. h3 Bd7 10. O-O Rc8 11. Re1 a6 12. Nxc6 Bxc6 13. Nd5 Bxd5 14. exd5 Nd7
15. c3 Re8 16. Bd4 Qa5 17. Bxg7 Kxg7 18. Re3 Nf6 19. Qf3 Rc5 20. Rd1 b5 21. Rd4
Qd8 22. Rf4 Rf8 23. g4 h6 24. Rd4 Rh8 25. Qe2 Re8 26. Qd3 Qa8 27. f4 a5 28. a3
b4 29. g5 hxg5 30. fxg5 Nd7 31. cxb4 Rc1+ 32. Kh2 Ne5 33. Qe2 Qa7 34. Rh4 Rf1
35. Kg2 Rf5 36. Rg3 axb4 37. Rxb4 Qc5 38. Bc2 Nf3 39. Rxf3 Rxg5+ 40. Rg3 Qxd5+
41. Be4 Rxg3+ 42. Kxg3 Qe5+ 43. Kf2 Rh8 44. Bg2 Qc5+ 45. Qe3 Qc2+ 46. Kg1 e5
47. Qb3 Qc1+ 48. Kh2 Rh5 49. Qd5 Rf5 50. Qxd6 Qc2 51. Qd5 Rg5 52. Qe4 Qd2 53.
b3 Qb2 54. a4 Qc3 55. Rb5 Qg3+ 56. Kh1 Kh6 57. Rd5 f5 58. Qf3 Qe1+ 59. Qf1 Qg3
60. Rd3 Qh4 61. Rd8 Kh7 62. Qd1 Rh5 63. Qd7+ Kh6 64. Rh8+ Kg5 65. Qe7+ Kf4 66.
Qxh4+ Rxh4 67. Rxh4+ Kg3 68. Rc4 e4 69. Bxe4 1-0

[Event "XLII C.to Italiano femminile"]
[Site "Giovinazzo ITA"]
[Date "2015.07.24"]
[Round "7"]
[White "Palma, Maria"]
[Black "Brunello, Marina"]
[WhiteElo "1929"]
[BlackElo "2287"]
[Result "0-1"]
[PlyCount "80"]
[EventDate "2015.07.19"]

1. Nf3 d5 2. c4 d4 3. b4 a5 4. Bb2 axb4 5. Nxd4 Nf6 6. Nb3 b6 7. d4 e6 8. N1d2
Bb7 9. Qc2 c5 10. e3 Nbd7 11. Nc1 Bd6 12. Ne2 Bc7 13. Ng3 Ra7 14. f3 Qb8 15.
Kf2 h5 16. Bd3 h4 17. Ngf1 cxd4 18. Bxd4 e5 19. Bb2 Qa8 20. Qb1 Nc5 21. Bc2 e4
22. Bxf6 gxf6 23. f4 Bd6 24. Qb2 Be7 25. Rg1 Ra3 26. Nb1 Nd3+ 27. Bxd3 Rxd3 28.
Nbd2 Qd8 29. Nb3 Ba6 30. Rc1 Bc5 31. Nxc5 bxc5 32. Ke2 Bc8 33. h3 Rg8 34. Nd2
Rg3 35. Nf1 Rdxe3+ 36. Nxe3 Qd3+ 37. Kf2 Qxe3+ 38. Kf1 Qxf4+ 39. Ke1 Re3+ 40.
Kd1 Qd6+ 0-1

[Event "XLII C.to Italiano femminile"]
[Site "Giovinazzo ITA"]
[Date "2015.07.24"]
[Round "7"]
[White "Santeramo, Alessia Carmen"]
[Black "Gueci, Tea"]
[WhiteElo "2085"]
[BlackElo "2136"]
[Result "1/2-1/2"]
[PlyCount "81"]
[EventDate "2015.07.19"]

1. e4 g6 2. d4 Bg7 3. Nc3 d6 4. Be3 c6 5. Qd2 b5 6. Nf3 Nd7 7. Bd3 Nb6 8. h3
Nf6 9. O-O O-O 10. e5 dxe5 11. dxe5 Nfd5 12. Bh6 Nxc3 13. Bxg7 Ne2+ 14. Qxe2
Kxg7 15. Rfe1 Be6 16. Ng5 Nd5 17. Qe4 Qd7 18. Qh4 h6 19. Nf3 Rad8 20. Qg3 Nb4
21. Be4 Bf5 22. c3 Nc2 23. Bxc2 Bxc2 24. Nd4 Bf5 25. h4 Be6 26. Rad1 Qc8 27.
Qe3 a6 28. a3 h5 29. Qg5 c5 30. Ne2 Rxd1 31. Rxd1 Rd8 32. Re1 Qd7 33. Nf4 Rh8
34. Re3 Qd1+ 35. Kh2 Qg4 36. Qxg4 Bxg4 37. Rd3 c4 38. Rd4 Rc8 39. Nd5 Rc5 40.
f4 f6 41. exf6+ 1/2-1/2

[Event "XLII C.to Italiano femminile"]
[Site "Giovinazzo ITA"]
[Date "2015.07.25"]
[Round "8"]
[White "Brunello, Marina"]
[Black "Gueci, Tea"]
[WhiteElo "2287"]
[BlackElo "2136"]
[Result "1/2-1/2"]
[PlyCount "99"]
[EventDate "2015.07.19"]

1. e4 c6 2. d4 d5 3. Nc3 dxe4 4. Nxe4 Bf5 5. Ng3 Bg6 6. Nf3 Nd7 7. Be2 e6 8.
O-O Ngf6 9. c4 Be7 10. Bf4 O-O 11. Nh4 Nb6 12. Nxg6 hxg6 13. b3 Qd7 14. Bf3
Rfd8 15. Ne2 a5 16. Qc2 Nc8 17. Rfd1 Bd6 18. Be5 Ne7 19. Ng3 Qc7 20. Qe2 Nf5
21. Nxf5 exf5 22. Bxd6 Rxd6 23. Rd3 Re8 24. Qc2 g5 25. g3 f4 26. g4 Qd7 27. h3
Rxd4 28. Rxd4 Qxd4 29. Rd1 Qe5 30. Qd2 g6 31. Kg2 Kg7 32. a3 Re7 33. Qd8 Re8
34. Qb6 Re7 35. b4 axb4 36. axb4 Qc3 37. Qc5 Re5 38. Qd6 Re6 39. Qc5 Re5 40.
Qd4 Qxd4 41. Rxd4 Re7 42. Rd8 Nd7 43. b5 Ne5 44. bxc6 bxc6 45. Rc8 Nxc4 46.
Rxc6 Ne5 47. Rd6 Nxf3 48. Kxf3 Re1 49. Ra6 Rh1 50. Ke4 1/2-1/2

[Event "XLII C.to Italiano femminile"]
[Site "Giovinazzo ITA"]
[Date "2015.07.25"]
[Round "8"]
[White "De Rosa, Mariagrazia"]
[Black "Paolillo, Gaia"]
[WhiteElo "2073"]
[BlackElo "2140"]
[Result "1-0"]
[PlyCount "105"]
[EventDate "2015.07.19"]

1. e4 e6 2. f4 d5 3. e5 c5 4. Nf3 Nc6 5. c3 Nge7 6. Na3 Ng6 7. g3 Qa5 8. Nc2 f6
9. d4 cxd4 10. Ncxd4 Nxd4 11. Nxd4 fxe5 12. fxe5 Qc7 13. Bf4 Nxf4 14. gxf4 Qf7
15. Bb5+ Bd7 16. Bxd7+ Qxd7 17. Qg4 O-O-O 18. Qxe6 Qxe6 19. Nxe6 Re8 20. Ng5
Be7 21. Nh3 Bh4+ 22. Kd2 g5 23. Nxg5 Bxg5 24. fxg5 Rxe5 25. h4 Rd8 26. Rae1
Rxe1 27. Rxe1 Rd7 28. Re6 d4 29. c4 Rf7 30. Rf6 Rd7 31. Kd3 Kd8 32. Rf4 Ke7 33.
Rxd4 Rc7 34. b3 Kf7 35. Rd6 Kg7 36. Kd4 Rf7 37. Re6 b6 38. Kd5 Rf4 39. Re4 Rf5+
40. Re5 Rf4 41. Re7+ Kg6 42. Rxa7 Rxh4 43. Kc6 Kxg5 44. Kxb6 h5 45. Ra5+ Kf6
46. c5 Rb4+ 47. Rb5 Rxb5+ 48. Kxb5 h4 49. c6 Ke7 50. Kb6 h3 51. c7 h2 52. c8=Q
h1=Q 53. Qb7+ 1-0

[Event "XLII C.to Italiano femminile"]
[Site "Giovinazzo ITA"]
[Date "2015.07.25"]
[Round "8"]
[White "Di Benedetto, Desiree"]
[Black "Santeramo, Alessia Carmen"]
[WhiteElo "2152"]
[BlackElo "2085"]
[Result "0-1"]
[PlyCount "96"]
[EventDate "2015.07.19"]

1. e4 e5 2. Nf3 Nc6 3. Bb5 a6 4. Ba4 Nf6 5. d3 b5 6. Bb3 Be7 7. c3 d6 8. O-O
O-O 9. Re1 Na5 10. Bc2 c5 11. Nbd2 Qc7 12. Nf1 Bd7 13. Ng3 Nc6 14. h3 Rfe8 15.
Bg5 h6 16. Be3 Bf8 17. d4 Rec8 18. d5 Na5 19. b3 Nb7 20. c4 g6 21. Nh2 Bg7 22.
Qd2 Kh7 23. a4 Ng8 24. Ra2 f6 25. h4 h5 26. Qe2 b4 27. f4 exf4 28. Bxf4 Nh6 29.
Nxh5 gxh5 30. e5+ f5 31. e6 Be8 32. Bxh6 Kxh6 33. Bxf5 Bd4+ 34. Kh1 Qe7 35.
Qd2+ Kg7 36. Re4 Qf6 37. Rf4 Be5 38. Rf3 Qxh4 39. Bh3 Bg6 40. Qe2 Rf8 41. Rd2
Be4 42. Re3 Qf4 43. Nf3 Bxf3 44. gxf3 Kf6 45. Qd3 Rg8 46. Qh7 Rg7 47. Qxh5 Qxe3
48. Qf5+ Ke7 0-1

[Event "XLII C.to Italiano femminile"]
[Site "Giovinazzo ITA"]
[Date "2015.07.25"]
[Round "8"]
[White "Movileanu, Daniela"]
[Black "Santeramo, Claudia"]
[WhiteElo "2180"]
[BlackElo "1322"]
[Result "1-0"]
[PlyCount "61"]
[EventDate "2015.07.19"]

1. e4 c6 2. d4 d5 3. Nd2 dxe4 4. Nxe4 Bf5 5. Ng3 Bg6 6. Bc4 e6 7. N1e2 Nf6 8.
O-O Nbd7 9. f4 Qc7 10. f5 exf5 11. Nxf5 Nb6 12. Bd3 Bxf5 13. Bxf5 Be7 14. Ng3
O-O 15. Bd3 h6 16. Nf5 Rad8 17. Qf3 h5 18. Bf4 Qd7 19. Rae1 Rfe8 20. Be5 Qd5
21. Qg3 Ng4 22. h3 g6 23. Nxe7+ Rxe7 24. hxg4 Nd7 25. gxh5 Nxe5 26. dxe5 Qd4+
27. Qf2 Qxf2+ 28. Rxf2 gxh5 29. Re3 Rd5 30. Rf5 f6 31. Bc4 1-0

[Event "XLII C.to Italiano femminile"]
[Site "Giovinazzo ITA"]
[Date "2015.07.26"]
[Round "9"]
[White "Gueci, Tea"]
[Black "Gueci, Laura"]
[WhiteElo "2136"]
[BlackElo "1990"]
[Result "1/2-1/2"]
[PlyCount "30"]
[EventDate "2015.07.19"]

1. c4 c5 2. g3 g6 3. Bg2 Bg7 4. Nc3 Nc6 5. a3 a6 6. Rb1 Rb8 7. b4 cxb4 8. axb4
b5 9. cxb5 axb5 10. Nf3 Nf6 11. O-O O-O 12. d4 d5 13. Ne5 Nxe5 14. dxe5 Ng4 15.
Nxd5 Nxe5 1/2-1/2

[Event "XLII C.to Italiano femminile"]
[Site "Giovinazzo ITA"]
[Date "2015.07.26"]
[Round "9"]
[White "Palma, Maria"]
[Black "Movileanu, Daniela"]
[WhiteElo "1929"]
[BlackElo "2180"]
[Result "0-1"]
[PlyCount "54"]
[EventDate "2015.07.19"]

1. Nf3 Nf6 2. c4 g6 3. g3 Bg7 4. Bg2 d5 5. cxd5 Nxd5 6. d4 Nb6 7. O-O Nc6 8. e3
O-O 9. Nc3 e5 10. d5 Na5 11. e4 c6 12. dxc6 Nxc6 13. Qe2 Bg4 14. Be3 Nd4 15.
Bxd4 exd4 16. Rfd1 Qe7 17. Nb5 Rfd8 18. Rac1 Rd7 19. h3 Bxf3 20. Bxf3 a6 21.
Na3 h5 22. h4 Rad8 23. Qd3 Na4 24. Qc2 b5 25. Be2 d3 26. Rxd3 Rxd3 27. Bxd3
Bxb2 0-1

[Event "XLII C.to Italiano femminile"]
[Site "Giovinazzo ITA"]
[Date "2015.07.26"]
[Round "9"]
[White "Santeramo, Alessia Carmen"]
[Black "De Rosa, Mariagrazia"]
[WhiteElo "2085"]
[BlackElo "2073"]
[Result "1-0"]
[PlyCount "59"]
[EventDate "2015.07.19"]

1. e4 c5 2. Nf3 d6 3. d4 cxd4 4. Qxd4 Nc6 5. Bb5 Bd7 6. Bxc6 Bxc6 7. Nc3 e5 8.
Qd3 h6 9. Nd5 Nf6 10. c4 Rb8 11. O-O b5 12. b3 Be7 13. Ba3 b4 14. Bb2 Nxd5 15.
exd5 Bd7 16. Qe3 Qb6 17. c5 Qxc5 18. Qxc5 dxc5 19. Bxe5 Rb6 20. Rfe1 Kf8 21.
Bxg7+ Kxg7 22. Rxe7 Rd6 23. Ne5 Be8 24. Rxa7 Rxd5 25. Re1 Rf8 26. g3 Kf6 27.
Ng4+ Kg7 28. Ra6 Bb5 29. Rb6 h5 30. Ne3 1-0

[Event "XLII C.to Italiano femminile"]
[Site "Giovinazzo ITA"]
[Date "2015.07.26"]
[Round "9"]
[White "Santeramo, Claudia"]
[Black "Brunello, Marina"]
[WhiteElo "1322"]
[BlackElo "2287"]
[Result "0-1"]
[PlyCount "72"]
[EventDate "2015.07.19"]

1. Nf3 d5 2. c4 c6 3. cxd5 cxd5 4. d4 Nf6 5. g3 Nc6 6. Bg2 Bf5 7. a3 e6 8. Nc3
Be7 9. O-O O-O 10. Bf4 h6 11. Qd2 Na5 12. Qd1 Rc8 13. Nd2 Qb6 14. b4 Rxc3 15.
bxa5 Qxa5 16. a4 Bc2 17. Qc1 Rfc8 18. Qb2 b6 19. Qb5 Qb4 20. Qxb4 Bxb4 21. Nf3
Ne4 22. Nd2 Nxd2 23. Bxd2 R3c4 24. Bxb4 Rxb4 25. a5 Rxd4 26. Rfc1 b5 27. Rab1
b4 28. e3 Rdc4 29. Rb2 b3 30. Bf1 Rc3 31. a6 e5 32. Ra1 d4 33. exd4 exd4 34.
Re1 d3 35. Bxd3 Rxd3 36. Re7 Ra8 0-1

[Event "XXIII C.to italiano U20"]
[Site "Giovinazzo ITA"]
[Date "2015.07.19"]
[Round "1"]
[White "Altini, Nicola"]
[Black "Guidobene, Davide"]
[WhiteElo "2415"]
[BlackElo "1937"]
[Result "1-0"]
[PlyCount "65"]
[EventDate "2015.07.19"]

1. d4 Nf6 2. c4 e6 3. Nf3 Bb4+ 4. Bd2 Qe7 5. g3 O-O 6. Bg2 Bxd2+ 7. Qxd2 Ne4 8.
Qc2 Qb4+ 9. Nbd2 Nxd2 10. Nxd2 Nc6 11. e3 Qe7 12. O-O d6 13. Rac1 e5 14. d5 Nb4
15. Qb1 a5 16. a3 Na6 17. b4 Bg4 18. Qb2 f5 19. c5 dxc5 20. b5 Nb8 21. b6 c6
22. Nb3 c4 23. Rxc4 e4 24. Nd4 Qf7 25. Ne6 Nd7 26. Nxf8 Rxf8 27. h3 Bh5 28.
dxc6 Qxc4 29. cxd7 Rd8 30. Rc1 Qd5 31. Bf1 Qxd7 32. Rc7 Qd1 33. Qxg7# 1-0

[Event "XXIII C.to italiano U20"]
[Site "Giovinazzo ITA"]
[Date "2015.07.19"]
[Round "1"]
[White "Martire, Ruggiero"]
[Black "Di Benedetto, Edoardo"]
[WhiteElo "1932"]
[BlackElo "2243"]
[Result "1/2-1/2"]
[PlyCount "32"]
[EventDate "2015.07.19"]

1. e4 e6 2. d4 d5 3. Nd2 Nc6 4. c3 e5 5. dxe5 dxe4 6. Qa4 e3 7. fxe3 Bd7 8.
Ngf3 Bc5 9. Qf4 Nge7 10. Bc4 O-O 11. Ne4 Ng6 12. Qg3 Be7 13. h4 Na5 14. Bd3 Ba4
15. Ke2 Re8 16. b3 Bd7 1/2-1/2

[Event "XXIII C.to italiano U20"]
[Site "Giovinazzo ITA"]
[Date "2015.07.19"]
[Round "1"]
[White "Palazzotto, Roberto"]
[Black "Basso, Pier Luigi"]
[WhiteElo "1964"]
[BlackElo "2439"]
[Result "0-1"]
[PlyCount "34"]
[EventDate "2015.07.19"]

1. e4 e5 2. Nf3 Nc6 3. d4 exd4 4. Bc4 Bc5 5. c3 Nf6 6. e5 d5 7. Bb5 Ne4 8. Nxd4
O-O 9. Bxc6 bxc6 10. O-O f6 11. b4 fxe5 12. bxc5 exd4 13. cxd4 Ba6 14. Re1 Nxf2
15. Qh5 Nd3 16. Rd1 Qf6 17. Be3 Ne1 0-1

[Event "XXIII C.to italiano U20"]
[Site "Giovinazzo ITA"]
[Date "2015.07.19"]
[Round "1"]
[White "Pisacane, Pietro"]
[Black "Loiacono, Antonio"]
[WhiteElo "2127"]
[BlackElo "1928"]
[Result "1/2-1/2"]
[PlyCount "114"]
[EventDate "2015.07.19"]

1. c4 Nf6 2. g3 g6 3. Bg2 Bg7 4. Nc3 d6 5. d3 O-O 6. Rb1 a5 7. a3 c6 8. e4 Qc7
9. Nge2 e5 10. O-O Nfd7 11. Be3 f5 12. Qc2 Na6 13. b4 axb4 14. axb4 Nf6 15. f3
Be6 16. Rfc1 Nh5 17. exf5 gxf5 18. f4 Nb8 19. b5 Nd7 20. Qd2 Rac8 21. bxc6 bxc6
22. Nd5 Bxd5 23. cxd5 c5 24. Bf3 Nhf6 25. Kh1 e4 26. dxe4 fxe4 27. Bg2 Rce8 28.
Bh3 Nb6 29. Nc3 Kh8 30. g4 Nc4 31. Qe2 Nxe3 32. Qxe3 Qf7 33. Rd1 Ng8 34. Ne2
Nf6 35. Nc3 Ng8 36. Nb5 Rd8 37. Qxe4 Qxf4 38. Qxf4 Rxf4 39. Nc7 Rd7 40. Ne6 Rf2
41. Kg1 Rdf7 42. Rf1 Rxf1+ 43. Bxf1 Be5 44. Kg2 Ra7 45. h3 Ra8 46. Rb7 Nf6 47.
Ng5 Bf4 48. Nf7+ Kg8 49. Kf3 Bh2 50. Nh6+ Kh8 51. Nf7+ Kg8 52. g5 Ra3+ 53. Kg2
Ra2+ 54. Kf3 Ra3+ 55. Kg2 Ra2+ 56. Kf3 Ra3+ 57. Kg2 Ra2+ 1/2-1/2

[Event "XXIII C.to italiano U20"]
[Site "Giovinazzo ITA"]
[Date "2015.07.20"]
[Round "2"]
[White "Basso, Pier Luigi"]
[Black "Altea, Alessandro"]
[WhiteElo "2439"]
[BlackElo "2018"]
[Result "1-0"]
[PlyCount "81"]
[EventDate "2015.07.19"]

1. b3 Nf6 2. Bb2 e6 3. e3 d5 4. Nf3 Be7 5. Be2 O-O 6. Rg1 c5 7. g4 Nc6 8. g5
Nd7 9. c4 f6 10. h4 Nde5 11. Nxe5 fxe5 12. Nc3 Kh8 13. d3 a6 14. Bf3 d4 15. Ne4
Bd7 16. Bg4 b5 17. Ke2 bxc4 18. bxc4 Rb8 19. Qd2 Qc7 20. Rab1 a5 21. Ba3 Nb4
22. Rh1 Qb7 23. exd4 exd4 24. Rbg1 Qc6 25. Bc1 Bd6 26. Nf6 Be5 27. a3 Bxf6 28.
gxf6 Rxf6 29. axb4 cxb4 30. Qg5 Rbf8 31. f4 Rg6 32. Qe5 a4 33. Bf3 Qc8 34. Rxg6
hxg6 35. h5 Kg8 36. hxg6 Rf5 37. Qxd4 a3 38. Rh7 Rf6 39. f5 exf5 40. Bd5+ Be6
41. Qh4 1-0

[Event "XXIII C.to italiano U20"]
[Site "Giovinazzo ITA"]
[Date "2015.07.20"]
[Round "2"]
[White "Carnicelli, Valerio"]
[Black "Guccione, Cristoforo"]
[WhiteElo "2123"]
[BlackElo "1889"]
[Result "1-0"]
[PlyCount "57"]
[EventDate "2015.07.19"]

1. e4 d5 2. exd5 Nf6 3. d4 Bg4 4. f3 Bf5 5. Bb5+ c6 6. dxc6 Qa5+ 7. Nc3 Nxc6 8.
Nge2 O-O-O 9. Bxc6 bxc6 10. Bd2 e5 11. Ne4 Qd5 12. Nxf6 gxf6 13. c3 Rg8 14. O-O
Bc5 15. Be3 exd4 16. cxd4 Qe6 17. Qc1 Bb6 18. Qc3 Ba5 19. Qxa5 Qxe3+ 20. Rf2
Bd3 21. Qc3 Rge8 22. Qxc6+ Kb8 23. Re1 Rxd4 24. g3 Rc8 25. Qxf6 Rc2 26. Qxd4
Qd2 27. Ref1 Bxe2 28. Qxd2 Rxd2 29. Re1 1-0

[Event "XXIII C.to italiano U20"]
[Site "Giovinazzo ITA"]
[Date "2015.07.20"]
[Round "2"]
[White "Lombardi, Vincenzo Angelo"]
[Black "Altini, Nicola"]
[WhiteElo "2056"]
[BlackElo "2415"]
[Result "0-1"]
[PlyCount "66"]
[EventDate "2015.07.19"]

1. e4 c5 2. Nc3 Nc6 3. g3 g6 4. d3 Bg7 5. Bg2 d6 6. Nge2 e6 7. O-O Nge7 8. Rb1
O-O 9. a3 d5 10. exd5 exd5 11. Nf4 d4 12. Ncd5 Nxd5 13. Nxd5 Ne5 14. h3 Bxh3
15. Bxh3 Qxd5 16. f4 Nc6 17. f5 Qd6 18. Bf4 Be5 19. Qg4 Bxf4 20. gxf4 Qf6 21.
Rf2 Rae8 22. Kh1 Re3 23. Rg1 Ne7 24. Rh2 Kh8 25. fxg6 fxg6 26. Bg2 Qxf4 27. Qd7
Qf7 28. Bxb7 Nf5 29. Qxf7 Rxf7 30. Bd5 Rf6 31. b4 cxb4 32. axb4 Ng3+ 33. Kg2
Ne2 0-1

[Event "XXIII C.to italiano U20"]
[Site "Giovinazzo ITA"]
[Date "2015.07.20"]
[Round "2"]
[White "Pasini, Nicolo'"]
[Black "Favaloro, Andrea"]
[WhiteElo "1804"]
[BlackElo "2116"]
[Result "0-1"]
[PlyCount "122"]
[EventDate "2015.07.19"]

1. e4 c5 2. Nf3 g6 3. c4 Bg7 4. d4 cxd4 5. Nxd4 Nc6 6. Be3 Nf6 7. Nc3 O-O 8.
Be2 d6 9. O-O Nxd4 10. Bxd4 Bd7 11. Nd5 Nxe4 12. Bxg7 Kxg7 13. Qd4+ Nf6 14.
Nxf6 exf6 15. Qxd6 Bc6 16. Rfd1 Re8 17. Qxd8 Raxd8 18. Rxd8 Rxd8 19. Rd1 Rxd1+
20. Bxd1 Kf8 21. b4 Ke7 22. Bb3 Kd6 23. f4 Ke6 24. Bc2 b5 25. cxb5 Bxb5 26. Be4
Bc4 27. a3 f5 28. Bf3 Bd5 29. Bd1 Bc4 30. Kf2 Kd5 31. Ke3 Bf1 32. Bb3+ Bc4 33.
Bd1 Bf1 34. Bb3+ Bc4 35. Bc2 Bf1 36. g3 Kc4 37. Kd2 f6 38. Ba4 Bg2 39. Kc2 Be4+
40. Kb2 Kd3 41. Bd7 Ke3 42. b5 Kf3 43. Bc6 Kg2 44. a4 Kxh2 45. Bxe4 fxe4 46. a5
e3 47. b6 axb6 48. axb6 e2 49. b7 e1=Q 50. b8=Q Kxg3 51. f5+ Kg4 52. fxg6 hxg6
53. Qb6 Qe5+ 54. Kc1 g5 55. Qg1+ Qg3 56. Qd1+ Qf3 57. Qg1+ Kh3 58. Qa7 g4 59.
Qh7+ Kg2 60. Qc2+ Kg1 61. Qc5+ Qf2 0-1

[Event "XXIII C.to italiano U20"]
[Site "Giovinazzo ITA"]
[Date "2015.07.20"]
[Round "3"]
[White "Altini, Nicola"]
[Black "Carnicelli, Valerio"]
[WhiteElo "2415"]
[BlackElo "2123"]
[Result "1/2-1/2"]
[PlyCount "63"]
[EventDate "2015.07.19"]

1. d4 d5 2. c4 c6 3. Nf3 Nf6 4. g3 dxc4 5. Bg2 b5 6. Ne5 Bb7 7. b3 cxb3 8. axb3
e6 9. O-O Qb6 10. e4 Nbd7 11. Be3 Qc7 12. Nd3 Be7 13. Nc3 O-O 14. Qc2 Rfc8 15.
Rfc1 Qd8 16. Qe2 a5 17. e5 Nd5 18. Ne4 a4 19. bxa4 bxa4 20. Qg4 Nxe3 21. fxe3
a3 22. Nf4 Nf8 23. Rf1 Ng6 24. Nxg6 hxg6 25. Rxf7 Kxf7 26. Rf1+ Kg8 27. Qxg6 c5
28. Qf7+ Kh8 29. Qh5+ Kg8 30. Qf7+ Kh8 31. Qh5+ Kg8 32. Qf7+ 1/2-1/2

[Event "XXIII C.to italiano U20"]
[Site "Giovinazzo ITA"]
[Date "2015.07.20"]
[Round "3"]
[White "Favaloro, Andrea"]
[Black "Basso, Pier Luigi"]
[WhiteElo "2116"]
[BlackElo "2439"]
[Result "0-1"]
[PlyCount "90"]
[EventDate "2015.07.19"]

1. e4 g6 2. h4 Bg7 3. h5 d5 4. exd5 Qxd5 5. Nc3 Qd6 6. Bc4 Nh6 7. Nge2 a6 8. a4
Nc6 9. d3 Bf5 10. f3 O-O-O 11. g4 Ne5 12. gxf5 Nxc4 13. Bxh6 Bxh6 14. dxc4 Qe5
15. Nd5 c6 16. Qd4 Qxd4 17. Nxe7+ Kd7 18. Nxd4 Kxe7 19. hxg6 hxg6 20. Rd1 Kf6
21. Kf2 gxf5 22. Nb3 Rxd1 23. Rxd1 Bf4 24. Rg1 Re8 25. Rd1 Be3+ 26. Kf1 Re7 27.
Nc1 f4 28. Nd3 Kf5 29. Nf2 f6 30. b3 Rh7 31. Ng4 Bc5 32. c3 a5 33. Rd2 Rh1+ 34.
Ke2 Rb1 35. Rd7 Rxb3 36. Rf7 Rxc3 37. Rxf6+ Kg5 38. Rf7 b6 39. Rc7 Rxc4 40.
Rxc6 Rxa4 41. Kd3 Kh4 42. Ne5 Kg3 43. Rg6+ Kf2 44. Rh6 Rd4+ 45. Kc3 Rd5 0-1

[Event "XXIII C.to italiano U20"]
[Site "Giovinazzo ITA"]
[Date "2015.07.20"]
[Round "3"]
[White "Pisacane, Pietro"]
[Black "Lombardi, Vincenzo Angelo"]
[WhiteElo "2127"]
[BlackElo "2056"]
[Result "0-1"]
[PlyCount "102"]
[EventDate "2015.07.19"]

1. c4 e5 2. g3 Nc6 3. Bg2 Bc5 4. e3 a6 5. Nc3 d6 6. Nge2 Ba7 7. d4 Bg4 8. h3
Bh5 9. O-O Nge7 10. d5 Nb8 11. e4 O-O 12. g4 Bg6 13. Ng3 Nd7 14. Kh2 Rb8 15.
Qe2 f6 16. a4 Bd4 17. Be3 Bxe3 18. Qxe3 a5 19. Nb5 Nc5 20. Rfd1 Be8 21. Nc3 Ng6
22. Nge2 Qe7 23. Rdb1 Nh4 24. Nc1 h5 25. Nd3 Kf7 26. Nxc5 dxc5 27. Qg3 g5 28.
Nd1 Rh8 29. Kg1 hxg4 30. hxg4 Bd7 31. Ne3 Ng6 32. Kf1 Nf4 33. Ke1 Rh7 34. Kd2
Rbh8 35. b3 Nxg2 36. Qxg2 Rh2 37. Qf3 R8h3 38. Qe2 Qf8 39. Rg1 Qh6 40. Nf1 Rxb3
41. Kc2 Qh3 42. Qd2 Rxf2 43. Qxf2 Qc3+ 44. Kd1 Qxa1+ 45. Ke2 Qd4 46. Qxd4 cxd4
47. Nd2 Re3+ 48. Kf2 b6 49. c5 bxc5 50. Nc4 Rxe4 51. d6 Rf4+ 0-1

[Event "XXIII C.to italiano U20"]
[Site "Giovinazzo ITA"]
[Date "2015.07.20"]
[Round "3"]
[White "Santeramo, Domenico"]
[Black "Di Benedetto, Edoardo"]
[WhiteElo "2076"]
[BlackElo "2243"]
[Result "0-1"]
[PlyCount "62"]
[EventDate "2015.07.19"]

1. e4 e6 2. d4 d5 3. exd5 exd5 4. Bd3 c5 5. Qe2+ Be7 6. dxc5 Nf6 7. Nc3 O-O 8.
Nf3 Re8 9. O-O Bxc5 10. Qd1 h6 11. h3 Qc7 12. Ne2 Ne4 13. Nfd4 Nc6 14. c3 Qb6
15. Bc2 Nxd4 16. cxd4 Bd6 17. Nc3 Nf6 18. Qd3 Bb8 19. Nxd5 Nxd5 20. Qh7+ Kf8
21. Qh8+ Ke7 22. Re1+ Be6 23. Qxg7 Qc7 24. Bb3 Qh2+ 25. Kf1 Kd8 26. Bxh6 Bd6
27. Bg5+ Kc8 28. Bd2 b5 29. Qg5 f6 30. Rac1+ Kd7 31. Qg6 Qh1+ 0-1

[Event "XXIII C.to italiano U20"]
[Site "Giovinazzo ITA"]
[Date "2015.07.21"]
[Round "4"]
[White "Basso, Pier Luigi"]
[Black "Altini, Nicola"]
[WhiteElo "2439"]
[BlackElo "2415"]
[Result "1/2-1/2"]
[PlyCount "21"]
[EventDate "2015.07.19"]

1. d4 d5 2. c4 c6 3. Nc3 Nf6 4. cxd5 cxd5 5. Bf4 Nc6 6. e3 Bf5 7. Nf3 e6 8. Bd3
Bxd3 9. Qxd3 Bd6 10. Bxd6 Qxd6 11. O-O 1/2-1/2

[Event "XXIII C.to italiano U20"]
[Site "Giovinazzo ITA"]
[Date "2015.07.21"]
[Round "4"]
[White "Di Benedetto, Edoardo"]
[Black "Carnicelli, Valerio"]
[WhiteElo "2243"]
[BlackElo "2123"]
[Result "1/2-1/2"]
[PlyCount "34"]
[EventDate "2015.07.19"]

1. e4 e6 2. d4 d5 3. Nc3 Nf6 4. Bg5 Be7 5. e5 Nfd7 6. Bxe7 Qxe7 7. Nb5 Nb6 8.
a4 a6 9. a5 axb5 10. axb6 Rxa1 11. Qxa1 c6 12. Qa8 Qb4+ 13. c3 Qxb2 14. Qxb8
Qc1+ 15. Ke2 Qc2+ 16. Ke1 Qc1+ 17. Ke2 Qc2+ 1/2-1/2

[Event "XXIII C.to italiano U20"]
[Site "Giovinazzo ITA"]
[Date "2015.07.21"]
[Round "4"]
[White "Guidobene, Davide"]
[Black "Favaloro, Andrea"]
[WhiteElo "1937"]
[BlackElo "2116"]
[Result "1/2-1/2"]
[PlyCount "65"]
[EventDate "2015.07.19"]

1. d4 Nf6 2. c4 g6 3. Nf3 Bg7 4. Nc3 O-O 5. e4 d6 6. Be2 e5 7. O-O Nc6 8. d5
Ne7 9. Ne1 Nd7 10. Be3 f5 11. f3 f4 12. Bf2 g5 13. b4 Nf6 14. c5 Ng6 15. cxd6
cxd6 16. a4 Rf7 17. a5 Bf8 18. Nb5 g4 19. Nxa7 Bd7 20. Rc1 g3 21. Bb6 gxh2+ 22.
Kxh2 Qe7 23. Bb5 Nh5 24. Bxd7 Qxd7 25. Nd3 Qe7 26. Kg1 Nh4 27. Rf2 Qg5 28. Nb5
Ng3 29. Nc7 Rc8 30. Ne6 Rxc1 31. Qxc1 Qh5 32. Qe1 Nhf5 33. Rc2 1/2-1/2

[Event "XXIII C.to italiano U20"]
[Site "Giovinazzo ITA"]
[Date "2015.07.21"]
[Round "4"]
[White "Pasini, Nicolo'"]
[Black "Santeramo, Domenico"]
[WhiteElo "1804"]
[BlackElo "2076"]
[Result "1/2-1/2"]
[PlyCount "46"]
[EventDate "2015.07.19"]

1. e4 e6 2. d4 d5 3. Nc3 dxe4 4. Nxe4 Nd7 5. Ne2 Ngf6 6. N2c3 Be7 7. g3 O-O 8.
Bg2 Nxe4 9. Nxe4 Nf6 10. O-O Bd7 11. Bg5 Bc6 12. Nxf6+ Bxf6 13. Bxf6 Qxf6 14.
c3 Bxg2 15. Kxg2 Rad8 16. Qc2 Rd5 17. Rad1 Rfd8 18. Rd2 Qg6 19. Qxg6 hxg6 20.
Rfd1 c5 21. Kf3 cxd4 22. Rxd4 Rxd4 23. Rxd4 Rxd4 1/2-1/2